000 00723nam a2200229 u 4500
005 20250910063904.0
008 070919s2004 r 000 0 eng d
020 _a8497541464
035 _aUPN01000152017
049 _aCG
050 4 _aBF723 V4
_bS7.3
100 1 _aStöcklin-Meier, Susanne
245 1 0 _aDescuibrir valores a los niños /
_cSusanne Stöcklin-Meier ; tr. Julia Montflorit.
260 _aBarcelona, Esp. :
_bOniro,
_c2004.
300 _a244 p.
440 3 _aEl niño y su mundo ;
_v58
534 _pTraducción de:
_tWas im Leben wirklich-zählt
650 4 _aValores
_xEstudio y enseñanza
_9310
650 4 _aValores sociales
_94177
650 2 _aNiños en edad preescolar
_91527
905 _aLibro
999 _c124152
_d124152